| 000 -ლიდერი |
| ფიქსირებული სიგრძის საკონტროლო ველი |
01292nam a22002177a 4500 |
| 003 - საკონტროლო ნომრის იდენტიფიკატორი |
| საკონტროლო ველი |
Ge_BSU |
| 005 - ბოლო ოპერაციის თარიღი და დრო |
| საკონტროლო ველი |
20260424110728.0 |
| 008 - ფიქსირებული სიგრძის მონაცემთა ელემენტები - ზოგადი ინფორმაცია |
| ფიქსირებული სიგრძის საკონტროლო ველი |
260424s1998 ge ||||| |||| 00| 0 geo d |
| 020 ## - წიგნის საერთაშორისო სტანდარტული ნომერი |
| International Standard Book Number |
5511007870 |
| 041 ## - ენის კოდი |
| Language code of text/sound track or separate title |
geo |
| 080 ## - უნივერსალური ათობითი კლასიფიკაციის ინდექსი |
| Universal Decimal Classification number |
330.101(075.8) მ-19 |
| 100 ## - მთავარი ჩანაწერი - პიროვნების სახელი |
| Personal name |
მაკკონელი, კემპბელ რ. |
| 9 (RLIN) |
27367 |
| 245 ## - ცნობა სათაურის შესახებ |
| Title |
ეკონომიკსი : |
| Remainder of title |
პრინციპები, პრობლემები, პოლიტიკა : სახელმძღვ., მე-11 გამოცემის რეფერატ-დაიჯესტი / |
| Statement of responsibility, etc |
კემპბელ რ.მაკკონელი; [შემდგ.: თეიმურაზ ბერიძე, ნანა ადეიშვილი ; მთარგმნ.: ნანული არევაძე ; ქართ. გამოცემის რედ.: როზეტა ასათიანი]. |
| 250 ## - გამოცემის ცნობა |
| Edition statement |
მე-11 გამოცემა. |
| 264 ## - წარმოების, გამოცემის, დისტრიბუციის და სხვა ცნობები |
| გამოცემის, წარმოების, დისტრიბუციის... ადგილი |
თბ. : |
| გამოცემის, წარმოების, დისტრიბუციის... სახელწოდება |
სიახლე, |
| გამოცემის, წარმოების, დისტრიბუციის... თარიღი |
1998. |
| 300 ## - ფიზიკური აღწერა |
| Extent |
240 გვ. ; |
| Other physical details |
20 სმ. |
| 653 ## - INDEX TERM--UNCONTROLLED |
| Uncontrolled term |
ეკონომიკსი |
| 653 ## - INDEX TERM--UNCONTROLLED |
| Uncontrolled term |
ეკონომიკის თეორია |
| 700 ## - ADDED ENTRY--PERSONAL NAME |
| Personal name |
ბრიუ, სტენლი ლ. |
| Relator term |
ავტორი |
| 9 (RLIN) |
27368 |
| 942 ## - ADDED ENTRY ELEMENTS (KOHA) |
| Source of classification or shelving scheme |
|
| Koha item type |
წიგნი |